Notes on Malayan dipterocarpaceae
| Main Author: | |
|---|---|
| Format: | Book |
| Published: |
(Kuala Lumpur :
Forestry Dept.) ,
1933
|
| Subjects: |
MARC
| LEADER | 00000cam a2200000 7i4500 | ||
|---|---|---|---|
| 001 | 0000001935 | ||
| 005 | 20020520.0 | ||
| 090 | 0 | 0 | |a R583.62409595 |b SYM 1933 |
| 100 | 1 | 0 | |a SYMINGTON |h C. F. |
| 245 | 1 | 0 | |a Notes on Malayan dipterocarpaceae |c by C. F. Symington |
| 260 | 0 | 0 | |a (Kuala Lumpur : |b Forestry Dept.) , |c 1933 |
| 300 | |a (120-292) p. : |b ill. ; |c 23 cm. | ||
| 500 | 0 | 0 | |a Article from : Gardens bulletin, v. VII, 1933 |
| 650 | 0 | 0 | |a Dipterocarpaceae |z Malaysia |
| 998 | |a JPSM | ||
| 999 | |a 0000003071 |b Monograph |c Reference |e Default branch | ||